00329nam a2200121Ia 4500008004100000041000800041082001500049100001900064245004500083260003900128300003300167365000700200240624s9999 xx 000 0 und d aeng a338.91 STE aSTERN NICHOLAS aGROWTH AND EMPOWERMENT MAKING DEVELOPMEN c2006aNew DelhibPearson Education axxxiv : .463 : p. : cm. ; 24 cRS